000 00676nam a2200181 i 4500
001 185239
003 ES-MaACL
005 20230906222358.0
008 160422m19061915fr |||| | fre d
110 2 _aV. Giard & E. Brière.
_9159300
245 1 0 _aSupplément au catalogue :
_bOuvrages du fonds.
260 _aParis :
_bV. Giard & E. Brière,
_c1906-1915.
300 _a3 v. ;
_c22 cm.
505 8 _aContiene: Parus en 1904, 1905 & 1906 -- Parus en 1908 & 1909 -- Parus pendant les annés scolaires 1911-1912 à 1913-1914
610 2 4 _aV. Giard & E. Brière-
_vCatálogos.
_9159423
650 4 _aLibros-
_vCatálogos comerciales.
_9159004
852 _aES-MaACL
_j1529-F-4-6
999 _c185239
_d185239